[Event "EU Union-ch U10"]
[Site "Kouty nad Desnou"]
[Date "2018.08.11"]
[Round "5"]
[White "Radu, David Cr"]
[Black "Earle, Dominic James"]
[Result "1-0"]
[WhiteElo "1678"]
[BlackElo "1301"]
[PlyCount "95"]
[EventDate "2018.08.07"]
[EventType "swiss"]
[EventRounds "9"]
[EventCountry "CZE"]
[SourceTitle "CBM 186 Extra"]
[Source "ChessBase"]
[SourceDate "2018.08.24"]
[SourceVersion "1"]
[SourceVersionDate "2018.08.24"]
[SourceQuality "1"]

1. e4 e6 2. d4 d5 3. Nc3 Bb4 4. e5 Ne7 5. a3 Bxc3+ 6. bxc3 c5 7. Nf3 Nbc6 8. a4 Qc7 9. Bd3 Bd7 10. 0-0 0-0 11. Ba3 Rfe8 12. Bxc5 b6 13. Bd6 Qc8 14. Ng5 g6 15. Qf3 Nf5 16. Bxf5 exf5 17. Qxd5 Be6 18. Nxe6 fxe6 19. Qf3 Na5 20. Rfd1 Nc4 21. d5 Nxd6 22. exd6 e5 23. d7 Qxd7 24. c4 Rac8 25. Qb3 Rc5 26. Rd3 Rec8 27. Rc3 Qc7 28. Rd1 Qd6 29. Qb4 Rd8 30. Rcd3 e4 31. Rd4 Kf7 32. Qc3 Rdc8 33. Rb1 Qd7 34. d6 R5c6 35. Rbd1 Rd8 36. a5 Qe6 37. axb6 axb6 38. Qa3 Rd7 39. Qb4 Qe5 40. Rd5 Qe6 41. Qb3 Kf8 42. Qb4 Kf7 43. h3 Kf8 44. Qc3 Kg8 45. Re5 Qf7 46. Qa3 Rxc4 47. Re7 Rxe7 48. dxe7 1-0

[Event "SVK-ch U10"]
[Site "Liptovsky Mikulas"]
[Date "2018.04.23"]
[Round "4"]
[White "Cizmar, Tomas"]
[Black "Earle, Dominic James"]
[Result "0-1"]
[WhiteElo "1447"]
[BlackElo "1273"]
[PlyCount "88"]
[EventDate "2018.04.21"]
[EventType "swiss"]
[EventRounds "9"]
[EventCountry "SVK"]
[SourceTitle "CBM 184 Extra"]
[Source "ChessBase"]
[SourceDate "2018.06.28"]
[SourceVersion "1"]
[SourceVersionDate "2018.06.28"]
[SourceQuality "1"]

1. e4 e6 2. Nf3 c5 3. c4 Nc6 4. Nc3 Bd6 5. d4 Nge7 6. d5 exd5 7. cxd5 Ne5 8. Nxe5 Bxe5 9. f4 Bxc3+ 10. bxc3 Ng6 11. Be2 d6 12. Qa4+ Bd7 13. Bb5 a6 14. Bxd7+ Qxd7 15. Qxd7+ Kxd7 16. 0-0 Rhe8 17. Rb1 b5 18. Re1 f5 19. a4 Rab8 20. axb5 axb5 21. Ra1 Rb7 22. e5 dxe5 23. fxe5 Rxe5 24. Rxe5 Nxe5 25. Be3 Kd6 26. Rd1 h6 27. h4 b4 28. Bf4 bxc3 29. Re1 Re7 30. Rc1 Kxd5 31. Rxc3 c4 32. Re3 Re6 33. Kf1 Nd3 34. Rxe6 Kxe6 35. Bd2 Kd5 36. Bc3 g6 37. h5 gxh5 38. Ke2 Ke4 39. Bd2 Nf4+ 40. Kf2 h4 41. g3 Nd3+ 42. Kg2 hxg3 43. Bxh6 f4 44. Bg7 Ke3 0-1